[Event "BCF-ch"]
[Site "Dundee"]
[Date "1993.??.??"]
[Round "11"]
[White "Ward, Christopher"]
[Black "Hodgson, Julian M"]
[Result "1/2-1/2"]
[WhiteElo "2460"]
[BlackElo "2625"]
[Annotator "Bulletin"]
[PlyCount "49"]
[EventDate "1993.08.??"]
[EventType "swiss"]
[EventRounds "11"]
[EventCountry "SCO"]
[SourceTitle "CBM 038"]
[Source "ChessBase"]
[SourceDate "1994.02.01"]
[SourceVersion "1"]
[SourceVersionDate "1994.02.01"]
[SourceQuality "1"]

1. d4 d6 2. e4 Nf6 3. f3 d5 4. Nc3 dxe4 5. Bg5 $1 (5. fxe4 e5) 5... exf3 6.
Nxf3 e6 (6... Bg4 7. h3 Bxf3 8. Qxf3 c6 9. O-O-O e6 10. d5 $1 {Ward,C-Dunworth,
C}) 7. Bd3 Be7 8. O-O Nc6 9. Kh1 Nb4 10. Ne5 O-O (10... Nxd3 11. Qxd3 O-O 12.
Rae1 $44) 11. Bxf6 Bxf6 12. Bxh7+ Kxh7 13. Qh5+ Kg8 14. Ne4 (14. Rf3 g6) 14...
g6 (14... Nd5 15. c4 g6 16. Nxg6 fxg6 17. Qxg6+ Bg7 18. cxd5 exd5 19. Ng5 Rf6
20. Qh7+ Kf8 21. Kg1 $18) 15. Nxg6 (15. Qg4 {Plaskett} Bg7 (15... Nd5 16. c4
Bg7 17. Ng5 {/\ Qh4} f6 18. Nxg6 fxg5 (18... Ne3 19. Qh3 fxg5 20. Rxf8+ Bxf8
21. Qh8+ Kf7 22. Ne5+ Ke7 23. Qh7+ Kd6 24. Nf7+) 19. Nxf8 Bxf8 (19... Ne3 20.
Qh3 Bxf8 21. Qxe3 Bg7) 20. cxd5 exd5 21. Qh5) 16. Rxf7 Rxf7 17. Nxf7 Kxf7 18.
Rf1+ Kg8 19. Qxg6 $18) (15. Nxf6+ Qxf6) 15... fxg6 16. Qxg6+ Bg7 17. Ng5 Rf6 (
17... Rxf1+ 18. Rxf1 Qxg5 19. Qxg5 Nc6 20. Qg6 {/\ Rf7}) (17... Rf5 18. Rxf5
exf5 19. Qf7+ Kh8 $13) 18. Qh7+ Kf8 19. Qg6 (19. Qh5 Nd5 (19... Kg8 $10) 20.
Rxf6+ Qxf6 21. Nh7+ Kg8 22. Nxf6+ Nxf6 23. Qg6 Bd7 $14) 19... Kg8 (19... Nd5
20. Rxf6+ Qxf6 21. Nh7+ Kg8 22. Nxf6+ Nxf6 23. Rf1 $18) 20. Qh7+ Kf8 21. Qg6
Kg8 22. Qh7+ Kf8 23. Qg6 Kg8 24. Qh7+ Kf8 25. Qg6 1/2-1/2

[Event "Brno-A"]
[Site "Brno"]
[Date "1995.??.??"]
[Round "6"]
[White "Mrva, Martin"]
[Black "Berezjuk, Sergej"]
[Result "0-1"]
[WhiteElo "2405"]
[BlackElo "2380"]
[Annotator "Bulletin"]
[PlyCount "76"]
[EventDate "1995.??.??"]
[EventType "tourn"]
[EventRounds "9"]
[EventCountry "CZE"]
[EventCategory "4"]
[SourceTitle "EXT 1999"]
[Source "ChessBase"]
[SourceDate "1998.11.16"]
[SourceVersion "1"]
[SourceVersionDate "1998.11.16"]
[SourceQuality "1"]

1. e4 d6 2. Nc3 e5 3. d4 Nf6 4. f3 Nbd7 5. Be3 c6 6. Qd2 Nb6 7. O-O-O Be6 8. d5
Bd7 9. g4 cxd5 10. exd5 h6 11. b3 Rc8 12. a4 a6 13. a5 Na8 14. Nb1 Qc7 15. Na3
b5 16. axb6 Nxb6 17. Bc4 Be7 18. Ne2 Nbxd5 19. Bxd5 Nxd5 20. Qxd5 Bc6 21. Qd2
d5 22. Nb1 d4 23. Bxd4 exd4 24. Rhf1 Bb5 25. Rf2 d3 (25... Bb4 26. c3 dxc3 27.
Qe3+ Kf8 $19) 26. Nec3 dxc2 27. Qxc2 O-O 28. Nd5 Qb7 29. Nbc3 Ba3+ 30. Kb1 Bc4
31. Ka2 Bxd5 32. Rxd5 Bb4 33. Rd3 Qc7 34. Kb2 Qa5 35. Re2 Rc6 36. Rde3 g6 37.
Re1 Rfc8 38. Re8+ Kg7 0-1

[Event "DDR-ch 38th"]
[Site "Zittau"]
[Date "1989.02.24"]
[Round "12"]
[White "Luther, Thomas"]
[Black "Gauglitz, Gernot"]
[Result "1-0"]
[WhiteElo "2415"]
[BlackElo "2410"]
[Annotator "Bulletin"]
[PlyCount "71"]
[EventDate "1989.02.12"]
[EventType "tourn"]
[EventRounds "13"]
[EventCountry "DDR"]
[EventCategory "7"]
[SourceTitle "CBM 012"]
[Source "ChessBase"]
[SourceDate "1989.10.01"]
[SourceVersion "1"]
[SourceVersionDate "1989.10.01"]
[SourceQuality "1"]

1. e4 c5 2. c3 d6 3. d4 Nf6 4. Bd3 cxd4 5. cxd4 g6 6. Nf3 Bg7 7. Nc3 O-O 8. h3
Nc6 9. O-O e5 10. dxe5 dxe5 11. Be3 $1 Re8 12. Bc4 Be6 13. Bxe6 fxe6 $2 $16 (
13... Rxe6 14. Bg5 Rd6 15. Nd5 $14) 14. Qb3 $14 Qe7 15. Rfd1 Nh5 16. Rd2 Rad8
17. Rad1 Rxd2 18. Rxd2 Nf4 19. Qd1 Rf8 20. Rd7 $16 Qb4 21. Ng5 $1 Nd4 (21...
Qxb2 $2 22. Rxg7+ Kxg7 23. Qd7+ Kh6 24. Nxe6 $18) 22. Bxf4 exf4 $2 {22...Rxf4 
(!) 23.Ne2+/-} 23. Rxg7+ $1 Kxg7 24. Qxd4+ Qxd4 25. Nxe6+ Kf6 26. Nxd4 Rd8 27.
Nf3 Kg7 28. Kf1 Rd6 29. Ke2 Rb6 30. b3 Rd6 31. Nd5 Rc6 32. Nd4 Ra6 33. a4 g5
34. Kd3 Rg6 35. e5 g4 36. Nxf4 1-0

[Event "Czerniak Memorial 12th"]
[Site "Tel Aviv"]
[Date "1996.??.??"]
[Round "6"]
[White "Bykhovsky, Avigdor"]
[Black "Kantsler, Boris"]
[Result "1-0"]
[WhiteElo "2405"]
[BlackElo "2475"]
[Annotator "Bykhovsky,Av"]
[PlyCount "79"]
[EventDate "1996.04.??"]
[EventType "tourn"]
[EventRounds "11"]
[EventCountry "ISR"]
[EventCategory "9"]
[SourceTitle "CBM 053"]
[Source "ChessBase"]
[SourceDate "1996.08.01"]
[SourceVersion "1"]
[SourceVersionDate "1996.08.01"]
[SourceQuality "1"]

1. d4 d6 2. e4 Nf6 3. f3 d5 $5 (3... e5 4. d5 Be7 5. c4 Nh5 6. Be3 Bg5 7. Bf2
O-O 8. h4 Be7 9. Nc3 Nd7 10. Nge2 c6 11. Qd2 Nb6 12. g4 $16 {Bykhovsky,
Av-Kantsler,B/Beer Sheva/1996/1:0/50/}) 4. e5 Ng8 (4... Nfd7 $5) 5. Be3 Bf5 $5
{N/} (5... c6 6. Nc3 h5 7. Bd3 Nh6 8. Nge2 Bf5 9. Nf4 e6 10. Bf2 $14 {Lutz,
C-Delchev,A/Moscow/1994/1:0/28/}) 6. g4 Bc8 $5 (6... Bg6 7. Ne2 {/\Nf4,h4+/-/})
7. Nh3 $6 (7. Ne2 $5) 7... e6 8. Nf2 Ne7 9. c3 h5 10. Bd3 (10. Nd2 $5) 10... c5
11. dxc5 $5 (11. Na3 $5) 11... hxg4 12. fxg4 Nd7 13. Bb5 Nc6 14. Nd3 Qh4+ $1
15. Bf2 Qh7 $1 16. Nd2 a6 17. Bxc6 bxc6 18. Qf3 (18. Qe2 $5) 18... a5 19. c4
Ba6 20. Rc1 Be7 21. Rc3 f6 $1 22. Qe2 O-O 23. O-O fxe5 (23... Rae8 $5) 24. Nxe5
Nxe5 (24... Nxc5 25. Nxc6 Bd6 26. Ne5 $13) 25. Qxe5 Qg6 26. h3 $1 Bg5 27. Be3
Bf6 28. Qxe6+ Kh7 29. Ra3 (29. Rf5 Bc8 $19) 29... Rfe8 (29... Bxb2 $5 30. Qxg6+
Kxg6 $44) 30. Qxc6 dxc4 $2 (30... Bxb2 $10) 31. Rf5 Bxb2 $2 32. Rh5+ $18 Qxh5
33. gxh5 Bxa3 34. Nf3 Bb5 35. Ng5+ Kg8 36. Qd5+ Kh8 37. Bd4 Ra6 38. Qb7 Rf6 39.
Qxb5 Rg8 40. Qb1 1-0

[Event "Olympiad-23"]
[Site "Buenos Aires"]
[Date "1978.11.03"]
[Round "9"]
[White "Lombardy, William James"]
[Black "Hoi, Carsten"]
[Result "1-0"]
[WhiteElo "2540"]
[BlackElo "2340"]
[Annotator "Byrne/Mednis"]
[PlyCount "83"]
[EventDate "1978.10.25"]
[EventType "team-swiss"]
[EventRounds "14"]
[EventCountry "ARG"]
[SourceTitle "EXT 2000"]
[Source "ChessBase"]
[SourceDate "1999.11.16"]
[SourceVersion "1"]
[SourceVersionDate "1999.11.16"]
[SourceQuality "1"]
[WhiteTeam "US of America"]
[BlackTeam "Denmark"]
[WhiteTeamCountry "USA"]
[BlackTeamCountry "DEN"]

{Inf.26/168} 1. e4 g6 2. d4 d6 3. Nc3 Bg7 4. Nge2 Nf6 5. g3 O-O 6. Bg2 e5 7.
O-O Nbd7 8. Re1 (8. h3 c6 9. a4 b6 10. Be3 Ba6 11. f4 exd4 12. Nxd4 Bxf1 13.
Nxc6 $13 {Nogueiras-Kirpichnikov/Jurmala 1978}) 8... c6 (8... exd4 $5 9. Nxd4
Nc5 $14) 9. b3 Qc7 10. Bb2 Re8 11. a4 a5 12. Qd2 $14 Nf8 $2 (12... exd4 $1 13.
Nxd4 Nc5 $14) 13. d5 $1 $16 c5 (13... cxd5 14. Nb5 Qe7 15. exd5 $16 {/\ 16.Ba3,
16.f4}) (13... Bd7 14. dxc6 {/\ Rad1+/-}) 14. Nb5 Qd8 15. Nec3 h5 16. Nd1 $1
N8h7 17. Ne3 h4 18. Nc4 Bf8 19. f4 $1 hxg3 20. hxg3 Ng4 21. Bf3 exf4 $6 (21...
Ra6 $142) 22. gxf4 Ra6 23. Kg2 Nhf6 24. Rh1 $1 Bg7 25. Rae1 Qd7 26. Rh4 Qe7 27.
Reh1 $1 {[/\ e5]} Nh5 (27... Nxe4 $2 28. Rh8+) 28. Bxg7 Kxg7 29. Rxg4 $1 (29.
Bxg4 $6 Bxg4 30. Rxg4 Qxe4+ $132) 29... Bxg4 30. Bxg4 $18 Nf6 (30... Qxe4+ 31.
Bf3 Nxf4+ $2 32. Kf2 Qf5 33. Nbxd6) 31. Bf3 Nxe4 32. Qe3 Raa8 33. Nbxd6 $1 Nxd6
34. Qxe7 Rxe7 35. Nxd6 Rd8 36. Nc4 Kf6 37. Nxa5 Kf5 38. Kg3 Re3 39. Nc4 Rc3 40.
Rd1 f6 41. Rd3 Rxd3 42. cxd3 1-0

[Event "Lopota FIDE GP (Women)"]
[Site "Lopota"]
[Date "2014.06.26"]
[Round "7"]
[White "Kosteniuk, Alexandra"]
[Black "Khotenashvili, Bela"]
[Result "1-0"]
[WhiteElo "2532"]
[BlackElo "2518"]
[Annotator "CB"]
[PlyCount "63"]
[EventDate "2014.06.19"]
[EventType "tourn"]
[EventRounds "11"]
[EventCountry "GEO"]
[EventCategory "11"]
[SourceTitle "CBM 161 Extra"]
[Source "ChessBase"]
[SourceDate "2014.08.29"]
[SourceVersion "1"]
[SourceVersionDate "2014.08.29"]
[SourceQuality "1"]

{Playing the modern defense is always a double-edged sword. The idea is
usually to avoid theory and get into complex positions early on. This
backfired enormously on Khotenashvili who was simply lost by move 15.
Kosteniuk held the advantage in every single sector of the board; the fact
that the Georgian player lasted 17 more moves before basically being mated was
almost a miracle.} 1. e4 g6 2. d4 Bg7 3. Nc3 d6 4. Be3 c6 5. Qd2 b5 6. Bd3 Nf6
7. Bh6 Bxh6 $6 8. Qxh6 Qb6 $2 {Black has to play e5 sooner rather than later
and this makes it more difficult for her to do so.} (8... e5 $14) 9. Nf3 Be6
10. O-O Nbd7 11. h3 a6 12. a4 b4 $2 13. a5 Qc7 14. Na4 Qxa5 15. Nc5 Qb6 16.
Nxe6 fxe6 17. e5 {Black's position is crumbling.} dxe5 18. dxe5 Nd5 19. Ng5 Nf4
20. Qg7 O-O-O 21. Bxa6+ Kb8 22. Nf7 Rhg8 23. Qh6 Rdf8 24. Qxf4 Rg7 25. Qd2 Nc5
26. Ng5 h6 27. Nxe6 Nxe6 28. Bc4 Ng5 29. Ra6 Qc5 30. Qd7 Ne4 31. Rfa1 Qxf2+ 32.
Kh1 1-0

[Event "Bergamo ACP Golden Classic"]
[Site "Bergamo"]
[Date "2014.07.14"]
[Round "3.2"]
[White "Jobava, Baadur"]
[Black "Nepomniachtchi, Ian"]
[Result "1-0"]
[WhiteElo "2713"]
[BlackElo "2730"]
[Annotator "CB"]
[PlyCount "93"]
[EventDate "2014.07.12"]
[EventType "tourn"]
[EventRounds "7"]
[EventCountry "ITA"]
[EventCategory "17"]
[SourceTitle "CBM 162"]
[Source "ChessBase"]
[SourceDate "2014.09.17"]
[SourceVersion "1"]
[SourceVersionDate "2014.09.17"]
[SourceQuality "1"]

1. e4 c5 2. c3 d6 3. d4 Nf6 4. f3 Nbd7 5. Be3 g6 6. Bd3 Bg7 7. Ne2 O-O 8. O-O
a6 9. Nd2 b5 10. a4 Rb8 11. axb5 axb5 12. b4 c4 13. Bc2 e5 14. h3 Re8 15. f4
exd4 16. Bxd4 Bb7 17. Ng3 Ra8 18. Re1 Rxa1 19. Qxa1 Nb8 20. Qd1 Nc6 21. Bf2 Nd7
22. Ne2 Nf6 23. g4 Qa8 24. Ng3 Nd7 25. e5 dxe5 26. f5 Nf6 27. Nde4 Rd8 28.
Nxf6+ Bxf6 29. Qc1 Bg7 30. Bb6 Rc8 31. Rf1 Qa6 ({Black would have good chances
after} 31... Ne7) 32. Bc5 Nb8 33. Qd2 Re8 34. Ne4 gxf5 35. Nd6 Rd8 36. Qg5 Rxd6
37. Qxf5 Bd5 38. Qxh7+ Kf8 39. Qg6 Ke7 40. Qxg7 Nd7 41. Qg5+ Ke8 42. Be4 f6 43.
Qh5+ Bf7 44. Qh8+ Ke7 45. g5 Nxc5 46. bxc5 Qa7 47. gxf6+ {Ian Nepomniachtchi:
"It always feels bad to lose a game when your opponent doesn't need to make
any good moves to beat you. I think during most of the game, the black
position was quite better, but after f4 and f5, the position got sharper with
more complications. For some mystery reasons, I made some mistakes and
suddently I got a lost position. I don't know why I changed my mind and went
from a winning position to a lost position.} 1-0

[Event "CHN-RUS Summit (Women) 7th"]
[Site "Ningbo"]
[Date "2010.08.07"]
[Round "3"]
[White "Pogonina, Natalija"]
[Black "Tan, Zhongyi"]
[Result "0-1"]
[WhiteElo "2501"]
[BlackElo "2461"]
[Annotator "CB"]
[PlyCount "138"]
[EventDate "2010.08.05"]
[EventType "schev"]
[EventRounds "5"]
[EventCountry "CHN"]
[SourceTitle "CBM 137 Extra"]
[Source "ChessBase"]
[SourceDate "2010.09.01"]
[SourceVersion "1"]
[SourceVersionDate "2010.09.01"]
[SourceQuality "1"]

1. e4 d6 2. d4 Nf6 3. Nc3 g6 4. Be3 c6 5. Qd2 b5 6. Bd3 Nbd7 7. Nf3 Bg7 8. h3
Qc7 9. O-O O-O 10. Ne2 c5 11. c3 e5 12. Ng3 exd4 13. cxd4 Bb7 14. Rac1 a6 15.
Bh6 Rfe8 16. Bxg7 Kxg7 17. Rfe1 Rad8 18. Qf4 Qb6 19. e5 dxe5 20. dxe5 Ng8 21.
Be4 Re7 22. Qg5 Kh8 23. Bxb7 Qxb7 24. Ne4 Qc7 {#} 25. Nf6 $2 (25. Nxc5 $1 {
would win a pawn after} Nxc5 26. Qe3 Rd5 27. b4 $16) 25... h6 26. Qh4 Ndxf6 27.
exf6 Rxe1+ 28. Rxe1 Rd5 29. g3 Qd8 30. Ne5 Qxf6 31. Qe4 Rd2 32. Re2 Rxe2 33.
Qxe2 Kg7 34. b3 Qe6 35. Qe4 Nf6 36. Qe3 Nd5 37. Qe4 Nc3 38. Qe3 Nd5 39. Qe4 Ne7
40. Qf4 g5 41. Qe3 f6 42. Ng4 Qxe3 43. Nxe3 f5 44. f4 Kf6 45. Kf2 gxf4 46. gxf4
Ke6 47. Kf3 Nd5 48. Nc2 a5 49. a3 Kd6 50. Kg3 c4 51. Nd4 c3 52. Kf3 b4 53. axb4
Nxb4 54. Nxf5+ Kc5 55. Ke3 h5 56. Ng3 Nd5+ 57. Kd3 Kb4 58. Kc2 Nxf4 59. h4 Ng2
60. Nxh5 Ne1+ 61. Kc1 Kxb3 62. Nf4 a4 63. Ne2 Nd3+ 64. Kb1 c2+ 65. Ka1 c1=Q+
66. Nxc1+ Nxc1 67. h5 a3 68. h6 a2 69. h7 Ka3 0-1

[Event "Sharjah FIDE GP (Women)"]
[Site "Sharjah"]
[Date "2014.08.28"]
[Round "4"]
[White "Ushenina, Anna"]
[Black "L'Ami, Alina"]
[Result "1-0"]
[WhiteElo "2487"]
[BlackElo "2446"]
[Annotator "CB"]
[PlyCount "55"]
[EventDate "2014.08.25"]
[EventType "tourn"]
[EventRounds "11"]
[EventCountry "UAE"]
[EventCategory "10"]
[SourceTitle "CBM 162"]
[Source "ChessBase"]
[SourceDate "2014.09.17"]
[SourceVersion "1"]
[SourceVersionDate "2014.09.17"]
[SourceQuality "1"]

{In a normal middle game position l'Ami went out with two unfortunate sorties:
one with the queen to a5 and on the other side of the board with a knight to
h5. The combination of these two moves left her center too vulnerable to
White's pieces and her position fell apart surprisingly quickly.} 1. d4 Nf6 2.
g3 g6 3. Bg2 Bg7 4. e4 d6 5. Ne2 O-O 6. Nbc3 c6 7. O-O e5 8. a4 Re8 9. h3 exd4
10. Nxd4 Nbd7 11. Nb3 Qc7 12. Re1 Ne5 13. Nd4 Be6 14. f4 Ned7 15. Be3 Bc4 16.
b3 Ba6 17. Qd2 Rad8 18. Bf2 Qa5 19. Rad1 Nh5 $2 (19... Nc5 $13) 20. Na2 Qxd2
21. Rxd2 c5 22. Nb5 Bxb5 23. axb5 Ndf6 24. Rd3 Re6 25. e5 Ne8 26. Bxb7 Nc7 27.
Bc6 g5 28. Bf3 1-0

[Event "Olympiad-41"]
[Site "Tromsoe"]
[Date "2014.08.08"]
[Round "6.4"]
[White "Nisipeanu, Liviu Dieter"]
[Black "Vandenbussche, Thibaut"]
[Result "1-0"]
[WhiteElo "2689"]
[BlackElo "2411"]
[Annotator "CB"]
[PlyCount "83"]
[EventDate "2014.08.02"]
[EventType "team-swiss"]
[EventRounds "11"]
[EventCountry "NOR"]
[SourceTitle "CBM 162"]
[Source "ChessBase"]
[SourceDate "2014.09.17"]
[SourceVersion "1"]
[SourceVersionDate "2014.09.17"]
[SourceQuality "1"]
[WhiteTeam "Germany"]
[BlackTeam "Belgium"]
[WhiteTeamCountry "GER"]
[BlackTeamCountry "BEL"]
[WhiteClock "0:09:23"]
[BlackClock "0:00:54"]

1. e4 d6 2. d4 Nf6 3. f3 Nbd7 4. Be3 e5 5. d5 Be7 6. Qd2 c6 7. c4 a5 {mit
diesem Zug errichtet Vandenbussche eine schwarzfeldrige Blockade am
Damenflügel, überlässt jedoch seinem Gegner die Kontrolle über den
Königsflügel. Ein alternativer Plan besteht aus dem Tausch des Le7 mittels ..
.Lg5 und eine Kontrolle über die Felder f6, g5 und f4 - so zumindest das
schwarze Traumszenario.} (7... a6 8. Bd3 Nh5 9. g3 $5 (9. Nh3 Nc5 10. Nf2 cxd5
11. cxd5 Nxd3+ 12. Nxd3 f5 $132) (9. Ne2 h6 10. g4 (10. Nbc3 Bg5 11. Bxg5 Qxg5)
10... Bh4+ 11. Kf1 Nf4 12. Nxf4 exf4 13. Bxf4 Qf6 14. Kg2 Bg5 15. Be3 Ne5 16.
f4 (16. Rf1 Bxe3 17. Qxe3 g5 {würde die Vollendung des schwarzen Plans
bedeuten.}) 16... Bxf4 17. Bxf4 Nxd3 18. Bxd6 Nxb2 19. e5 Qg6 20. Qxb2 Qxg4+
21. Kf2 Qf4+ 22. Ke1 Qe4+ 23. Kf2 Qf4+ 24. Ke1 Qe4+ {1/2-1/2 (25) Vaisser,A 
(2533)-Fressinet,L (2677) Mulhouse 2011}) 9... h6 $13) (7... O-O 8. Nc3 cxd5 9.
cxd5 Nh5 10. g3 a6 11. Bd3 Nc5 12. Bc2 b5 13. Nge2 g6 14. O-O $14 {1-0 (43)
Popovic,P (2489)-Vandenbussche,T (2348) Antwerp 2011}) 8. Nc3 a4 9. Nh3 {
auf f2 wird der Springer optimal stehen, um den weißen Angriff im Zentrum zu
unterstüzen.} Qa5 {kennt man den Ausgang der Partie, fällt es leicht diese
Züge zu kritisieren. Fakt ist, dass das gesamte schwarze Vorhaben in wenigen
Zügen gescheitert sein wird. Die Figuren sind zu weit von Königsflügel
entfernt, um dort der weißen Dominanz etwas entgegen setzen zu können.} 10.
Nf2 Nc5 11. Be2 O-O 12. O-O Bd7 (12... h6 {es war vielleicht noch nicht zu
spät, am Königsflügel dagegen zu halten.} 13. Kh1 Nh7 14. g3 f5) 13. Kh1
Rfc8 $6 {entfernt die letzte Figur vom eigenen König, nun wird f7 schwach.}
14. f4 exf4 15. Bd4 $1 cxd5 (15... a3 16. b3 (16. b4 $5 Qxb4 17. Rab1 Qa5 18.
Qxf4 {mit der Drohung e5}) 16... Na6 (16... Nxb3 17. axb3 c5 18. Bxf6 Bxf6 19.
Nfd1 {die Kompensation wird nicht ausreichen} Be5 20. Ra2 {nebst Belagerung
des Bauern a3}) 17. Qxf4 Nb4 18. Rac1 c5 19. Be3 $14) (15... Be8 $5 16. Qxf4
Nfd7 17. Ng4 f6 {ist natürlich nicht das was Schwarz möchte. Dennoch ist die
Stellung so erst einmal stabilisiert.}) 16. exd5 b5 $6 {forciert quasi das
entstehende Endspiel} (16... Bf5 $5 17. Qxf4 Bg6 18. Rae1 Ncd7 $1 {die Figuren
eilen zur Verteidigun heran. Die weiße Strategie hat gesiegt, doch Schwarz
kann sich noch wehren.} (18... Nfd7 $6 19. h4 $1 f6 20. h5 Bf7 21. Nfe4 $18)
19. Bd3 $1 Qd8 $16) (16... f3 {um die f-Linie zu blockieren} 17. Bxf3 $16) 17.
Qxf4 bxc4 18. Nfe4 Ncxe4 19. Nxe4 Qxd5 (19... a3 20. Qg3 $1 $18) 20. Nxf6+ Bxf6
21. Bxf6 gxf6 22. Bf3 Qg5 23. Bxa8 Qxf4 24. Rxf4 Rxa8 25. Rxc4 {nach den
Abtauschoperationen hat Weiß eine Qualität mehr. Schwarz hat eine zu
schwache Bauernstruktur um sich verteidigen zu können.} Rb8 26. Rc2 Be6 27.
Rd2 f5 28. Kg1 Kf8 29. a3 Ke7 30. Rc1 Kd7 31. Rf1 Rb5 32. Rf4 {hier hat der
Turm sein optimales Feld gefunden um gleichzeitig am Damen- und Königsflügel
die schwarzen Bauern unter Druck zu setzen.} Bb3 33. Rh4 Re5 34. Rxh7 Re4 35.
Rh6 Be6 36. Rh8 d5 37. Rb8 Kd6 38. Rb4 Ke5 39. Kf2 f4 40. Re2 Bd7 41. Rexe4+
dxe4 42. h4 1-0

[Event "Leiden op-A 10th"]
[Site "Leiden"]
[Date "2016.07.22"]
[Round "6"]
[White "Pavlovic, Milos"]
[Black "Ten Hertog, Hugo"]
[Result "0-1"]
[WhiteElo "2475"]
[BlackElo "2458"]
[Annotator "CB"]
[PlyCount "74"]
[EventDate "2016.07.15"]
[EventType "swiss"]
[EventRounds "9"]
[EventCountry "NED"]
[SourceTitle "CBM 173 Extra"]
[Source "ChessBase"]
[SourceDate "2016.08.29"]
[SourceVersion "1"]
[SourceVersionDate "2016.08.29"]
[SourceQuality "1"]

1. e4 g6 2. d4 Bg7 3. Nf3 d6 4. c3 Nf6 {Die Pirc Verteidigung ist eine von
Hugos Lieblingseröffnungen, er gewann damit die letzte Runde und sicherte so
seine Großmeisternorm. In dieser Partie spielt Pavlovic eine ungewöhnliche
Variante, die harmlos erscheint.} 5. Bd3 O-O 6. O-O c5 7. h3 Nc6 8. Nbd2 (8. d5
{wäre interessant gewesen}) 8... Qc7 9. Re1 cxd4 10. cxd4 Nh5 11. Nb3 {
Das weiße Zentrum sieht beeindruckend aus, und Schwarz muss erst noch zeigen,
wie er dieses zerstören will. Weiß steht etwas besser.} a5 12. Be3 a4 13.
Nbd2 Nb4 14. Bc4 (14. Bf1 $5 Nc2 15. Rc1 Nxe3 16. Rxc7 Nxd1 17. Rxd1 $14 {
Der Turm auf c7 sichert Weiß Vorteil.}) 14... d5 $1 {sprengt das Zentrum bei
erster Gelegenheit.} 15. a3 (15. exd5 Nf6 {Schwarz gewinnt den Bauern auf d5
zurück und steht gut.}) 15... dxc4 16. axb4 {Weiß hat noch immer sein
starkes Zentrum, doch Schwarz verfügt über das Läuferpaar.} b5 17. e5 Bb7
$15 18. Nb1 f6 $1 {Ten Hertog will die Stellung öffnen, was seinen Läufern
zugute käme.} 19. Nc3 fxe5 20. Nxe5 (20. dxe5 Bxf3 $19) 20... Rad8 $6 {
Es wäre wichtig gewesen, mit Dd6 das Feld e6 zu decken.} (20... Qd6 $1 21.
Nxb5 (21. Qg4 Nf6 $1 $15) 21... Qd5 $19) (20... Nf4 21. Bxf4 Rxf4 22. Nxb5 $14)
21. Qg4 $1 Bc8 22. Qe4 Bb7 23. Qg4 Bc8 24. Qh4 {Weiß spielt auf Gewinn.} Bf6
25. Bg5 Qb6 26. Rad1 Ng7 27. Bxf6 exf6 28. Ng4 Bxg4 29. Qxg4 Qd6 {Dank der
besseren Bauernstruktur steht Schwarz hier auch etwas besser.} 30. Ne4 Qxb4 $1
31. Nc5 Rfe8 32. Rxe8+ Rxe8 33. Qf3 Qxb2 34. Ne4 Qb3 $1 {Präzise berechnet!}
35. Nxf6+ Kf7 $1 (35... Kh8 36. Nxe8 Qxf3 37. gxf3 Nxe8 38. Rb1 Nd6 39. Kf1 $11
) 36. Qf4 (36. Nxe8+ Qxf3 37. gxf3 Nxe8 38. Rb1 Nd6 $19 {Der König kommt
schnell nach d5 und Schwarz gewinnt.}) 36... Qxd1+ 37. Kh2 Ne6 0-1

[Event "Sharjah FIDE GP (Women)"]
[Site "Sharjah"]
[Date "2014.08.26"]
[Round "2"]
[White "Zhu, Chen"]
[Black "Ju, Wenjun"]
[Result "0-1"]
[WhiteElo "2461"]
[BlackElo "2559"]
[Annotator "CB"]
[PlyCount "104"]
[EventDate "2014.08.25"]
[EventType "tourn"]
[EventRounds "11"]
[EventCountry "UAE"]
[EventCategory "10"]
[SourceTitle "CBM 162"]
[Source "ChessBase"]
[SourceDate "2014.09.17"]
[SourceVersion "1"]
[SourceVersionDate "2014.09.17"]
[SourceQuality "1"]

{All it took was one mistake in this complex King's Indian Defense for Zhu
Chen's position to collapse. With a precise and cunning sequence Ju Wenjun
forced her opponent to exchange her knight for a light-squared bishop with
almost no value. This gave her access to a series of weakensses in the dark
squares, and she finished the game beautifully.} 1. d4 d6 2. e4 Nf6 3. Bd3 g6
4. Nf3 Bg7 5. O-O O-O 6. c3 Nc6 7. Be3 e5 8. Nbd2 Ng4 9. Bg5 f6 10. Bh4 h5 11.
Bc4+ Kh8 12. h3 Nh6 13. dxe5 dxe5 14. b4 g5 15. Bg3 Ne7 16. Re1 Ng6 17. Nf1 Bd7
18. Ne3 Qe8 19. a4 Nf4 20. h4 Rd8 21. Qc2 Qg6 22. Rad1 g4 23. Nd2 f5 24. Bxf4
exf4 25. Nd5 g3 26. f3 fxe4 27. Nxe4 Be5 28. Rd2 $6 Qg7 29. Rde2 $2 (29. Nc5
$13) 29... c6 $1 30. Ne7 Bf5 $1 31. Nxf5 Nxf5 32. Be6 Ne3 {The light squares
are too weak.} 33. Qb3 Bf6 34. Bh3 Rfe8 35. Rxe3 fxe3 36. Rxe3 Qf7 37. Qb1 Qa2
38. Re1 Qxb1 39. Rxb1 Bxh4 40. Kf1 b6 41. b5 c5 42. a5 Rd5 43. axb6 axb6 44.
Ra1 c4 45. Ra4 Rxb5 46. Rxc4 Rb2 47. Ra4 Bf6 48. Ra7 Bxc3 49. Bf5 Rf2+ 50. Kg1
Bd4 51. Rd7 Rb2+ 52. Kf1 Ra8 0-1